000 00494nam a22001817a 4500
999 _c478584
_d478584
003 NUST
005 20180605062926.0
008 180605b ||||| |||| 00| 0 eng d
020 _a9789332573871
038 _aSNS Library
082 _a519.2 DEG 2016
100 _aMorris DeGroot , Mark Sehervish
_910988
245 _aProbability and Statistics
_cMorris DeGroot , Mark Sehervish
250 _a4th Ed.
260 _aIndia
_bPearson
_c2016
300 _a829 P.
_bPb.
942 _2ddc
_cBK